Mainlah dengan saya/Jangan ganggu saya
| Format: | Book |
|---|---|
| Published: |
JB :
Penerbitan Pelangi Sdn Bhd ,
2005
|
| Series: | Siri Sukacita dwicerita
|
| Subjects: |
MARC
| LEADER | 00000cam a2200000 7i4500 | ||
|---|---|---|---|
| 001 | 0000033213 | ||
| 005 | 20220105104102.0 | ||
| 008 | 120914 | ||
| 020 | |a 9830013987 | ||
| 090 | 0 | 0 | |a JP |b MAL |
| 245 | 1 | 0 | |a Mainlah dengan saya/Jangan ganggu saya |
| 260 | |a JB : |b Penerbitan Pelangi Sdn Bhd , |c 2005 | ||
| 440 | |a Siri Sukacita dwicerita | ||
| 500 | |a Children age 4-6 years old (yellow) | ||
| 650 | 0 | |a Short stories, Malay | |
| 999 | |a 0001157510 |b Book |c Children Collection |e Cawangan Taman Universiti | ||
| 999 | |a 0001157511 |b Book |c Children Collection |e Perbadanan Perpustakaan Awam Johor | ||